000 00282nam a22001217a 4500
999 _c532956
_d532956
003 NUST
038 _aM.Ramzan
082 _a891.4393
_bNAS
245 _aAor talwar toot gae /
_cNaseem Hijazi
260 _aLahore
_bJahangir Books
_c[N.D]
300 _a575p.
_c25 cm.
942 _2ddc
_cBK